Nachbarländer der Nachbarländer Deutschlands - Sudden Death - Statistiken

Allgemein
  • Dieses Quiz wurde 223 mal gespielt
  • Das Durchschnittsergebnis liegt bei 6 aus 14
Answers on the Grid
Answers color-coded by a green-red scale on the quiz's grid according to % correct below.
Albanien
Andorra
Belarus
Bosnien und Herzegowina
Bulgarien
Estland
Finnland
Griechenland
Großbritannien
Irland
Italien
Kanada
Kroatien
Lettland
Liechtenstein
Litauen
Monaco
Montenegro
Norwegen
Rumänien
Russland
San Marino
Schweden
Serbien
Slowakei
Slowenien
Spanien
Türkei
Ukraine
Ungarn
 
Antwortstatistiken
Antwort % Korrekt
Italien
72%
Spanien
60%
Andorra
56%
Slowakei
54%
Ungarn
54%
Belarus
53%
Liechtenstein
53%
Monaco
53%
Russland
40%
Slowenien
40%
Ukraine
32%
Litauen
28%
Schweden
21%
Großbritannien
14%
Keine übereinstimmenden Quizze gefunden
Verteilung der Resultate
Anzahl Personen mit jedem Resultat
Perzentil nach korrekt beantworteten Fragen
Ihre Resultats-Entwicklung
Sie haben dieses Quiz noch nicht gespielt